Drafting legislation : (Record no. 441)

MARC details
000 -LEADER
fixed length control field 02813cam a2200361 a 4500
001 - CONTROL NUMBER
control field 15264104
003 - CONTROL NUMBER IDENTIFIER
control field OSt
005 - DATE AND TIME OF LATEST TRANSACTION
control field 20230605142341.0
008 - FIXED-LENGTH DATA ELEMENTS--GENERAL INFORMATION
fixed length control field 080416s2008 enka b 001 0 eng
015 ## - NATIONAL BIBLIOGRAPHY NUMBER
National bibliography number GBA868444
Source bnb
016 7# - NATIONAL BIBLIOGRAPHIC AGENCY CONTROL NUMBER
Record control number 014621237
Source Uk
020 ## - INTERNATIONAL STANDARD BOOK NUMBER
International Standard Book Number 9780754649038 (hbk. : alk. paper)
020 ## - INTERNATIONAL STANDARD BOOK NUMBER
International Standard Book Number 0754649032 (hbk. : alk. paper)
020 ## - INTERNATIONAL STANDARD BOOK NUMBER
International Standard Book Number 9781841137728 (pbk)
035 ## - SYSTEM CONTROL NUMBER
System control number (OCoLC)ocn226038015
035 ## - SYSTEM CONTROL NUMBER
System control number (OCoLC)226038015
040 ## - CATALOGING SOURCE
Original cataloging agency DLC
Transcribing agency DLC
Modifying agency BTCTA
-- YDXCP
-- BWKUK
-- BWK
-- UKM
-- DLC
082 00 - DEWEY DECIMAL CLASSIFICATION NUMBER
Classification number 328.373
Item number MCL
245 00 - TITLE STATEMENT
Title Drafting legislation :
Remainder of title a modern approach /
Statement of responsibility, etc. edited by Constantin Stefanou and Helen Xanthaki.
260 ## - PUBLICATION, DISTRIBUTION, ETC. (IMPRINT)
Place of publication, distribution, etc. Aldershot, England ;
-- Burlington, VT :
Name of publisher, distributor, etc. Ashgate Pub.,
Date of publication, distribution, etc. c2008.
300 ## - PHYSICAL DESCRIPTION
Extent X,209p
Other physical details ill. ;
Dimensions 24 cm.
504 ## - BIBLIOGRAPHY, ETC. NOTE
Bibliography, etc Includes bibliographical references and index.
505 0# - FORMATTED CONTENTS NOTE
Formatted contents note On transferability of legislative solutions : the functionality test / Helen Xanthaki -- Drawing the line / Stephen Laws -- Legislative intention / Ian McLeod -- Legislator's intent : how judges discern it and what they do if they find it / Keith Mason -- The techniques of gender-neutral drafting / Daniel Greenberg -- Drafting legislation at the tax law rewrite project / Hayley Rogers -- Retrospectivity in the drafting and interpretation of legislation / Lydia Clapinska -- Repealing or amending legislation by non-legislative means / Alec Samuels -- Pre-legislative scrutiny / Zione Ntaba -- The role of the legislative drafter in promoting social transformation / Richard C. Nzerem -- Improving democratic development by better regulation / Ulrich Karpen -- Drafting principles of existing European contract law / Gerhard Dannemann -- Drafting of EU acts : a view from the European commission / William Robinson -- Drafting to implement EU law : the European arrest warrant in the United Kingdom / Valsamis Mitsilegas.
505 0# - FORMATTED CONTENTS NOTE
Formatted contents note Procedures for the approximation of Albanian legislation with the acquis communautaire / Alfred E. Kellermann -- Compromise and clarity in international drafting / Eileen Denza -- Can legislation rank as literature? / Helen Caldwell -- Open management of legislative documents / Giovanni Sartor -- Between policy and implementation : legislative drafting for development / Ann Seidman, Robert B. Seidman -- Drafting, drafters, and the policy process / Constantin Stefanou.
650 #0 - SUBJECT ADDED ENTRY--TOPICAL TERM
Topical term or geographic name as entry element Bill drafting.
650 #0 - SUBJECT ADDED ENTRY--TOPICAL TERM
Topical term or geographic name as entry element Legislation.
700 1# - ADDED ENTRY--PERSONAL NAME
Personal name Stefanou, Constantin,
Dates associated with a name 1961-
700 1# - ADDED ENTRY--PERSONAL NAME
Personal name Xanthaki, Helen.
856 41 - ELECTRONIC LOCATION AND ACCESS
Materials specified Table of contents only
Uniform Resource Identifier <a href="http://www.loc.gov/catdir/toc/ecip0816/2008017341.html">http://www.loc.gov/catdir/toc/ecip0816/2008017341.html</a>
906 ## - LOCAL DATA ELEMENT F, LDF (RLIN)
a 7
b cbc
c orignew
d 1
e ecip
f 20
g y-gencatlg
942 ## - ADDED ENTRY ELEMENTS (KOHA)
Source of classification or shelving scheme Dewey Decimal Classification
Koha item type Books
Holdings
Withdrawn status Lost status Source of classification or shelving scheme Damaged status Not for loan Home library Current library Date acquired Total Checkouts Full call number Barcode Date last seen Price effective from Koha item type
    Dewey Decimal Classification     Bunge Tower Library Bunge Tower Library 06/05/2023   328.373 MCL 1000138 06/05/2023 06/05/2023 Books
LIBRARY OPENING HOURS

When the Parliament is sitting: 8.00a.m - 7.00p.m or until the house adjourns
Mondays and Fridays and when the House is on Recess:  8.00a.m - 5.00p.m
Closed on Weekends and Public Holidays

Online Public Access Catalog (OPAC)
Website: http://www.parliament.go.ke
Bunge Library: https://libraryir.parliament.go.ke
Contact: library@parliament.go.ke | Tel no: (254-2)2221291 or 2848000 Ext 5043